000 00766nam a2200241Ia 4500
003 OSt
005 20220925201118.0
006 a|||||r|||| 00| 0
007 ta
008 220923b |||||||| |||| 00| 0 eng d
037 _cGeneral Book
040 _aRTL
_cRTL
_beng
041 _2eng
_aeng
082 _aX:962.2.N5, J5/GD
110 _aIndia, Works, Housing and Supply (M/O)
_9259595
245 0 _aSubsidised housing scheme for industrial workers,grant of loans and subsidies towards housing.
260 _aDelhi
_bM O P India
_c1955
300 _a59p.
_ccm.
650 _aEmployee Service
_9245971
700 _aIndia, Works, Housing and Supply (M/O)
_9259596
942 _hX:962.2.N5, J5/GD
_cGB
_2CC
999 _c539070
_d539070